000 00552 a2200181 4500
999 _c8227
_d8227
010 _aENG-88352
020 _c225.00
_a8120331303
035 _aEN-71885
037 _bDBAD / PUB
082 0 0 _a620.0046
100 _aVenkataraman, K.
245 1 0 _aMaintenance engineering and management/
_cby K.Venkataraman
260 _aNew Delhi
_bPrentice-Hall of India
_c2007
270 _bNew Delhi
_e110 001
_aM-97, Connaught Circus
300 _axiii, 234p.
_c23cm (pbk)
500 _aIncludes index
942 _adpl
_cEN
_2ddc
_h620.0046
_mVEN